000 00564nam a2200193Ia 4500
003 GCL
008 140319s9999 xx 000 0 ara d
040 _aGCL /
_cGCL
082 0 4 _a811.94
_bن ر
100 1 _aناصر فرغلى
245 1 0 _aرومنطيقا : شعر /
_cناصر فرغلى
300 _a141 ص
490 _aكتاب الاربعائيون
_v0
650 0 4 _aالشعر العربى
650 0 4 _aالادب العربى
650 0 4 _aالعصر الحديث
650 0 4 _aالشعر العربى - تاريخ ونقد
942 _2ddc
_cBK
999 _c47492
_d47492